The Minarets of Cairo : (Record no. 60707)
[ view plain ]
| 000 -الفاتح | |
|---|---|
| حقل البيانات ثابتة الطول | 00954nam a22002657a 4500 |
| 005 - وقت وتاريخ اخر تعامل مع التسجيلة | |
| رقم الضبط | 20240530110424.0 |
| 008 - عناصر البيانات ثابتة الطول - معلومات عامة | |
| حقل البيانات ثابتة الطول | 150317s2010 ua aol f b 001 0 eng d |
| 020 ## - الرقم الدولى المعيارى للكتب | |
| الرقم الدولى المعيارى للكتاب | 9789774164262 |
| 040 ## - مصدر الفهرسة | |
| وكالة الفهرسة الأصلية | EG-CaGPL |
| وكالة النسخ | EG-CaGPL |
| 082 04 - رقم تصنيف ديوى العشرى | |
| رقم الطبعة | 21 |
| رقم التصنيف | 726.2 |
| رقم المادة | CC/D M |
| 100 0# - المدخل الرئيسى - إسم شخصى | |
| الإسم الشخصى | Doris Behrens-Abouseif |
| 245 14 - بيان العنوان | |
| العنوان | The Minarets of Cairo : |
| بقية العنوان | Islamic Architecture from the Arab Conquest to the End of the Ottoman Empire / |
| بيان المسئوليه,etc | Doris Behrens-Abouseif with contributions by Nicholas Warner Photographs by Bernard O’Kane |
| 260 ## - PUBLICATION, DISTRIBUTION, ETC. (IMPRINT) | |
| تاريخ النشر أو التوزيع | 2010. |
| 300 ## - الوصف المادى | |
| التعداد | 352 p. : |
| تفاصيل ماديه اخرى للوعاء | col. ill. ; |
| أبعاد الوعاء | 32 cm. |
| 504 ## - تبصرة ببليوجرافية | |
| تبصرة ببليوجرافية,الخ | Includes bibliographical references and index. |
| 650 0# - المدخل الاضافى بالموضوع-مصطلح موضوعى | |
| مصطلح موضوعي | Islamic Architecture |
| 650 0# - المدخل الاضافى بالموضوع-مصطلح موضوعى | |
| مصطلح موضوعي | Architecture |
| 650 0# - المدخل الاضافى بالموضوع-مصطلح موضوعى | |
| مصطلح موضوعي | Arts |
| 650 0# - المدخل الاضافى بالموضوع-مصطلح موضوعى | |
| مصطلح موضوعي | Minarets |
| التقسيم الفرعي الجغرافي | Egypt |
| 700 1# - المدخل الاضافى - اسم شخصى | |
| الإسم الشخصى | Warner , Nicholas |
| 700 1# - المدخل الاضافى - اسم شخصى | |
| الإسم الشخصى | O’Kane , Bernard |
| الدور | Photography |
| 942 ## - عناصر المدخل الإضافي( كوها) | |
| مصدر التصنيف او مخطط الترفيف | Dewey Decimal Classification |
| Koha [default] item type | كتاب |
| 260 ## - PUBLICATION, DISTRIBUTION, ETC. (IMPRINT) | |
| -- | Cairo : |
| -- | The American University in Cairo Press, |
| حالة التراجع | حالة الفقد | مصدر التصنيف او خطة الترفيف | حالة تلف | ليس للاعارة | المكان المؤقت | الموقع الحالى | تاريخ الاكتساب | اجمالي اﻻعارات | رقم الطلب | الباركود | تاريخ اخر مشاهدة | تاريخ تفعيل السعر | نوع وعاء كوها |
|---|---|---|---|---|---|---|---|---|---|---|---|---|---|
| ddc | مكتبة القاهرة الكبرى | مكتبة القاهرة الكبرى | 03/17/2015 | 726.2 CC/D M | 159809 | 03/17/2015 | 03/17/2015 | كتاب |

